| 000 | 00356nam a2200133 a 4500 | ||
|---|---|---|---|
| 005 | 20140414132112.0 | ||
| 008 | 110805s19uu xx 00 eng d | ||
| 050 |
_aTR _bB35 1983 |
||
| 100 | _aBerenstain, Stan | ||
| 245 | _aThe Berenstain and the messy room. | ||
| 260 |
_aNew York : _brandome House, _c1983. |
||
| 700 | _aBerenstain, Jan | ||
| 999 |
_c114796 _d114796 |
||